Russia: Autonomus Okrugs - Statistics

General Stats
  • This quiz has been taken 25 times
  • The average score is 4 of 6
Answer Stats
Answer % Correct
Chukotka
94%
Nenets
83%
Yamalo-Nenets
83%
Khanty-Mansi
78%
Ust-Orda
22%
Agin-Buryat
17%
No matching quizzes found
Score Distribution
Percent of People with Each Score
Percentile by Number Answered
Your Score History
You have not taken this quiz